Определение положений пространственных механизмов. Применение метода "винтов" к исследованию перемещений пространственных механизмов

التفاصيل البيبلوغرافية
المؤلف الرئيسي: Диментберг Ф. М.
مؤلف مشترك: Академия наук СССР Институт машиноведения
مؤلفون آخرون: Артоболевский И. И. Иван Иванович (редактор)
اللغة:الروسية
منشور في: Москва, Изд-во Академии наук СССР, 1950
الموضوعات:
التنسيق: كتاب
KOHA link:https://koha.lib.tpu.ru/cgi-bin/koha/opac-detail.pl?biblionumber=336523

MARC

LEADER 00000nam0a2200000 4500
001 336523
005 20231102004849.0
035 |a (RuTPU)RU\TPU\book\362952 
090 |a 336523 
100 |a 20171017d1950 m y0rusy50 ca 
101 0 |a rus 
102 |a RU 
105 |a a z 001zy 
200 1 |a Определение положений пространственных механизмов. Применение метода "винтов" к исследованию перемещений пространственных механизмов  |f Ф. М. Диментберг  |g Академия наук СССР (АН СССР), Институт машиноведения ; под ред. И. И. Артоболевского 
210 |a Москва  |c Изд-во Академии наук СССР  |d 1950 
215 |a 142 с.  |c ил. 
320 |a Библиогр.: с. 138-139 
606 1 |a Пространственные механизмы  |2 stltpush  |3 (RuTPU)RU\TPU\subj\52800  |9 71197 
610 1 |a математические методы 
610 1 |a звенья 
610 1 |a теория винтов 
610 1 |a метод винтов 
610 1 |a машины 
610 1 |a уравнения 
675 |a 621.01  |v 4 
700 1 |a Диментберг  |b Ф. М. 
702 1 |a Артоболевский  |b И. И.  |c специалист в области теории машин, систем механизмов и роботов  |c Герой Социалистического Труда  |f 1905-1977  |g Иван Иванович  |2 stltpush  |3 (RuTPU)RU\TPU\pers\15331  |4 340 
712 0 2 |a Академия наук СССР  |b Институт машиноведения  |c (Москва)  |c (1938-1961)  |2 stltpush  |3 (RuTPU)RU\TPU\col\13724  |9 25758 
801 1 |a RU  |b 63413507  |c 20171017 
801 2 |a RU  |b 63413507  |c 20220506  |g RCR 
942 |c BK